000 00690cam a2200193 i 4500
005 20260127102309.0
008 250721s2002 jo gr 000 0 ara d
082 1 4 _a351.004
_bش ط ن
100 1 _aشطناوي، علي خطار
_eمؤلف.
245 1 2 _aالإدارة المحلية /
_cالدكتور علي خطار شطناوي.
250 _aالطبعة الثانية.
264 3 1 _aعمان :
_bدار وائل للطباعة والنشر،
_c2002.
300 _a257 صفحة.
650 1 7 _aالإدارة العامة.
650 1 7 _aالتخطيط المحلي.
650 1 7 _aالقوانين المحلية.
942 _2ddc
_cBK
999 _c224506
_d224506